000 00596nam a2200241 a 4500
003 AR-BaBNM
005 20251128204935.0
008 082120s2002 ||||||||||||||000 | spa||
020 _a950-05-0870-2
040 _cAR-BaBNM
100 0 _aAliber, Alicia
245 0 0 _aRecuerdos de papá
_bde 1926 a 1946
260 _aBuenos Aires
_bEdiciones Corregidor
_c1995
300 _a219 p.
650 4 _aLITERATURA ARGENTINA
650 4 _aAUTOBIOGRAFIAS
650 4 _aVIDA LITERARIA
650 4 _aTEATRO
653 _aGENERO EPISTOLAR
655 _aLITERATURA
942 _cBK
998 _cisola
999 _c9417
_d9417